|
|
|
|
| LEADER |
00911nab a2200217 i 4500 |
| 001 |
acta79949 |
| 005 |
20230826091904.0 |
| 008 |
230726s1997 hu o 0|| hun d |
| 022 |
|
|
|a 0422-9576
|
| 040 |
|
|
|a SZTE Egyetemi Kiadványok Repozitórium
|b hun
|
| 041 |
|
|
|a hun
|
| 100 |
1 |
|
|a Kochan Anita
|
| 245 |
1 |
0 |
|a HACCP Kézikönyv élelmiszeripari kis- és középvállalkozások számára
|h [elektronikus dokumentum] /
|c Kochan Anita
|
| 260 |
|
|
|c 1997
|
| 300 |
|
|
|a 279-286
|
| 490 |
0 |
|
|a Élelmiszervizsgálati közlemények
|v 43 No. 4
|
| 650 |
|
4 |
|a Műszaki és technológiai tudományok
|
| 650 |
|
4 |
|a Egyéb műszaki tudományok és technológiák
|
| 650 |
|
4 |
|a Élelmiszer és italfélék
|
| 695 |
|
|
|a Élelmiszergazdaság - minőségszabályozás, Élelmiszerkereskedelem, Élelmiszerbiztonság
|
| 856 |
4 |
0 |
|u http://acta.bibl.u-szeged.hu/79949/1/elelmiszervizsgalati_kozlemenyek_1997_04_279-286.pdf
|z Dokumentum-elérés
|